[Event "Australian Seniors"]
[Site "Adelaide"]
[Date "2003.12.29"]
[Round "1.1"]
[White "Gibbs, Glen B"]
[Black "Korbe, Heinrich"]
[Result "0-1"]
[WhiteElo "1818"]
[BlackElo "1403"]
[PlyCount "32"]
[EventDate "2003.12.29"]
[EventType "tourn"]
[EventRounds "10"]
[EventCountry "AUS"]

1. e4 c5 2. Nf3 Nc6 3. d4 cxd4 4. Nxd4 Nf6 5. Nc3 d6 6. Bc4 e5 7. Nb3 Be7 8.
O-O O-O 9. f3 a6 10. a4 Qc7 11. Qe2 Nd8 12. Be3 Be6 13. Bxe6 Nxe6 14. Rfd1 Rac8
15. Rd2 Rfd8 16. Bg5 Nxg5 0-1

[Event "Australian Seniors"]
[Site "Adelaide"]
[Date "2003.12.29"]
[Round "1.2"]
[White "Zaric, Srboljub"]
[Black "Pascoe, John L"]
[Result "1-0"]
[WhiteElo "2157"]
[BlackElo "1475"]
[PlyCount "49"]
[EventDate "2003.12.29"]
[EventType "tourn"]
[EventRounds "10"]
[EventCountry "AUS"]

1. e4 c5 2. Nf3 Nc6 3. d4 cxd4 4. Nxd4 g6 5. Nc3 Bg7 6. Be3 d6 7. Qd2 Bd7 8. h4
Nf6 9. h5 Nxh5 10. O-O-O Qa5 11. Kb1 O-O-O 12. Be2 Nf6 13. Nb3 Qc7 14. f3 Kb8
15. Nb5 Qc8 16. Na5 b6 17. Nxc6+ Qxc6 18. Nxa7 Kxa7 19. Qa5+ Kb8 20. Bxb6 Qa4
21. Bc7+ Kb7 22. Qb6+ Ka8 23. Bxd8 Qa7 24. Qxa7+ Kxa7 25. Bxe7 1-0

[Event "Australian Seniors"]
[Site "Adelaide"]
[Date "2003.12.29"]
[Round "1.3"]
[White "Viner, Phillip John"]
[Black "Lilly, Richard N"]
[Result "1-0"]
[WhiteElo "1931"]
[BlackElo "1835"]
[PlyCount "71"]
[EventDate "2003.12.29"]
[EventType "tourn"]
[EventRounds "10"]
[EventCountry "AUS"]

1. Nf3 Nf6 2. c4 g6 3. d4 Bg7 4. Nc3 d6 5. Bg5 O-O 6. e3 b6 7. Be2 Bb7 8. Qc2
Nbd7 9. Rd1 h6 10. Bh4 e6 11. O-O g5 12. Bg3 Nh5 13. d5 Nxg3 14. hxg3 exd5 15.
cxd5 a5 16. Nd4 Re8 17. Bb5 Ba6 18. Rfe1 Bxb5 19. Ncxb5 Nc5 20. Nf5 Qd7 21.
Nbd4 Re5 22. g4 Rxd5 23. Nxg7 Kxg7 24. Nf5+ Rxf5 25. gxf5 Re8 26. e4 h5 27. e5
d5 28. Rd4 c6 29. f3 Qc7 30. f6+ Kh6 31. Qf5 Ne6 32. Rd2 d4 33. g3 c5 34. Rh2
Qc6 35. Rxh5+ Kxh5 36. Qh7# 1-0

[Event "Australian Seniors"]
[Site "Adelaide"]
[Date "2003.12.30"]
[Round "2.1"]
[White "Korbe, Heinrich"]
[Black "Lilly, Richard N"]
[Result "0-1"]
[WhiteElo "1403"]
[BlackElo "1835"]
[PlyCount "72"]
[EventDate "2003.12.29"]
[EventType "tourn"]
[EventRounds "10"]
[EventCountry "AUS"]

1. e4 c5 2. Nf3 d6 3. d4 cxd4 4. Nxd4 Nf6 5. Nc3 e6 6. Bb5+ Bd7 7. Bxd7+ Nbxd7
8. Be3 a6 9. O-O Be7 10. f3 O-O 11. Qd2 Rc8 12. Rad1 Ne5 13. b3 b5 14. Nce2 d5
15. exd5 Nxd5 16. Bf2 Bb4 17. Qc1 Qa5 18. Qb1 Rfd8 19. f4 Ng4 20. Rd3 Nxf2 21.
Kxf2 Bc5 22. Rfd1 Qc7 23. Rf3 b4 24. Kg1 e5 25. fxe5 Qxe5 26. Kh1 Bxd4 27. Rxd4
Qxe2 28. Qd1 Rxc2 29. Rg3 Re8 30. h3 Qxd1+ 31. Rxd1 Nc3 32. Rd6 Ne4 33. Rgd3
Nxd6 34. Rxd6 Rxa2 35. Rd4 a5 36. Rd5 g6 0-1

[Event "Australian Seniors"]
[Site "Adelaide"]
[Date "2003.12.30"]
[Round "2.2"]
[White "Pascoe, John L"]
[Black "Viner, Phillip John"]
[Result "0-1"]
[WhiteElo "1475"]
[BlackElo "1931"]
[PlyCount "26"]
[EventDate "2003.12.29"]
[EventType "tourn"]
[EventRounds "10"]
[EventCountry "AUS"]

1. c4 Nf6 2. d4 e6 3. Nc3 Bb4 4. Bd2 O-O 5. e3 d5 6. c5 b6 7. cxb6 axb6 8. Bd3
Ba6 9. Qc2 c5 10. Bxa6 Nxa6 11. a3 c4 12. axb4 Nxb4 13. Qb1 Rxa1 0-1

[Event "Australian Seniors"]
[Site "Adelaide"]
[Date "2003.12.30"]
[Round "2.3"]
[White "Gibbs, Glen B"]
[Black "Zaric, Srboljub"]
[Result "0-1"]
[WhiteElo "1818"]
[BlackElo "2157"]
[PlyCount "70"]
[EventDate "2003.12.29"]
[EventType "tourn"]
[EventRounds "10"]
[EventCountry "AUS"]

1. e4 c5 2. c3 Nf6 3. e5 Nd5 4. d4 cxd4 5. cxd4 d6 6. Nf3 Nc6 7. Be2 e6 8. O-O
Be7 9. Qb3 O-O 10. Nc3 Nxc3 11. Qxc3 Bd7 12. exd6 Bxd6 13. Bg5 Qb6 14. Be3 Qc7
15. Rac1 Rac8 16. a3 Qb8 17. Qd3 Ne7 18. Ne5 Bxe5 19. dxe5 Nd5 20. Bc5 Qxe5 21.
Bf3 Rfd8 22. Bd4 Qg5 23. Rxc8 Rxc8 24. Bxa7 Bc6 25. Be3 Nxe3 26. Qxe3 Qxe3 27.
fxe3 Bxf3 28. gxf3 Kf8 29. Rf2 Ke7 30. Rd2 Rc7 31. Kf2 Kf6 32. Kg3 Rc5 33. e4
b5 34. Rd4 Rg5+ 35. Kf4 e5+ 0-1

[Event "Australian Seniors"]
[Site "Adelaide"]
[Date "2003.12.31"]
[Round "3.1"]
[White "Zaric, Srboljub"]
[Black "Korbe, Heinrich"]
[Result "1-0"]
[WhiteElo "2157"]
[BlackElo "1403"]
[PlyCount "71"]
[EventDate "2003.12.29"]
[EventType "tourn"]
[EventRounds "10"]
[EventCountry "AUS"]

1. c4 e5 2. Nc3 Nf6 3. g3 d5 4. cxd5 Nxd5 5. Bg2 c6 6. Nf3 Nxc3 7. bxc3 Bd6 8.
O-O O-O 9. d3 Nd7 10. Qc2 Nf6 11. Rb1 Qe7 12. e4 Rb8 13. Re1 Bg4 14. Nd2 b5 15.
Nf1 Qd7 16. d4 Bh3 17. f4 Bxg2 18. Qxg2 exd4 19. cxd4 Bc7 20. Bb2 Bb6 21. Rbd1
Rfe8 22. Kh1 Qb7 23. g4 Rbd8 24. Ng3 Qc8 25. g5 Nd7 26. Nf5 Nf8 27. d5 cxd5 28.
Nxg7 Rxe4 29. Nh5 Ng6 30. Nf6+ Kf8 31. Nxh7+ Kg8 32. Nf6+ Kf8 33. Nxe4 dxe4 34.
Qxe4 Rxd1 35. Rxd1 Qe8 36. Bg7+ 1-0

[Event "Australian Seniors"]
[Site "Adelaide"]
[Date "2003.12.31"]
[Round "3.2"]
[White "Viner, Phillip John"]
[Black "Gibbs, Glen B"]
[Result "1-0"]
[WhiteElo "1931"]
[BlackElo "1818"]
[PlyCount "49"]
[EventDate "2003.12.29"]
[EventType "tourn"]
[EventRounds "10"]
[EventCountry "AUS"]

1. c4 e6 2. Nc3 f5 3. g3 Nf6 4. Bg2 c6 5. Nf3 d5 6. d4 Bd6 7. Bf4 O-O 8. Qc2
Ne4 9. Bxd6 Qxd6 10. e3 Nd7 11. Rd1 b6 12. a3 Ba6 13. Bf1 Qe7 14. Ne5 Nxe5 15.
dxe5 Rfd8 16. cxd5 Bxf1 17. d6 Qb7 18. Kxf1 Nxc3 19. Qxc3 c5 20. Ke2 Rac8 21.
Qc4 Kf7 22. a4 a6 23. Rhg1 h5 24. Qh4 g6 25. Qf6+ 1-0

[Event "Australian Seniors"]
[Site "Adelaide"]
[Date "2003.12.31"]
[Round "3.3"]
[White "Lilly, Richard N"]
[Black "Pascoe, John L"]
[Result "1-0"]
[WhiteElo "1835"]
[BlackElo "1475"]
[PlyCount "65"]
[EventDate "2003.12.29"]
[EventType "tourn"]
[EventRounds "10"]
[EventCountry "AUS"]

1. d4 f5 2. g3 d5 3. Bg2 c6 4. Nf3 Nf6 5. O-O Be6 6. b3 Nbd7 7. Qd3 g6 8. Ng5
Bg8 9. c4 h6 10. Nh3 e6 11. Nf4 g5 12. Ng6 Rh7 13. cxd5 cxd5 14. Nxf8 Kxf8 15.
Ba3+ Kg7 16. Nd2 Nb6 17. Rac1 Kh8 18. Nf3 Rc7 19. Rxc7 Qxc7 20. Rc1 Qd8 21. h4
Ne4 22. hxg5 hxg5 23. Ne5 Kg7 24. g4 Rc8 25. f3 Nd6 26. Rxc8 Nbxc8 27. gxf5
Nxf5 28. Bh3 Bh7 29. Qd2 Kf6 30. Bc1 Qg8 31. Ng4+ Kf7 32. e4 Nh4 33. Nh6+ 1-0

[Event "Australian Seniors"]
[Site "Adelaide"]
[Date "2004.01.02"]
[Round "4.1"]
[White "Viner, Phillip John"]
[Black "Korbe, Heinrich"]
[Result "1/2-1/2"]
[WhiteElo "1931"]
[BlackElo "1403"]
[PlyCount "108"]
[EventDate "2003.12.29"]
[EventType "tourn"]
[EventRounds "10"]
[EventCountry "AUS"]

1. d4 d5 2. Nf3 Nf6 3. c4 e6 4. Nc3 dxc4 5. e3 c5 6. Bxc4 cxd4 7. exd4 Nc6 8.
O-O a6 9. Bg5 Be7 10. a3 O-O 11. Ba2 h6 12. Bf4 b5 13. Rc1 Bb7 14. d5 exd5 15.
Nxd5 Nxd5 16. Bxd5 Rc8 17. Re1 Bf6 18. Bd6 Re8 19. Rxe8+ Qxe8 20. Rc2 Na5 21.
Bxb7 Nxb7 22. Rxc8 Qxc8 23. Be5 Bxe5 24. Nxe5 Qc7 25. Nd3 Qd6 26. Qe2 Kf8 27.
g3 Nd8 28. Qe4 Qc6 29. Qb4+ Kg8 30. h4 Ne6 31. Qe7 Qc7 32. Qe8+ Kh7 33. Qa8 a5
34. Qe4+ Kg8 35. Kg2 g6 36. Qd5 Qb6 37. h5 g5 38. b4 axb4 39. axb4 Nd8 40. Kg1
Ne6 41. Nc5 Qd8 42. Qc6 Nxc5 43. bxc5 Qd1+ 44. Kg2 b4 45. Qb7 b3 46. c6 Qd5+
47. Kh2 Qf3 48. Qb6 b2 49. c7 Qc3 50. Qb8+ Kh7 51. c8=Q Qxc8 52. Qxc8 b1=Q 53.
Qc4 Qf5 54. Kg2 g4 1/2-1/2

[Event "Australian Seniors"]
[Site "Adelaide"]
[Date "2004.01.02"]
[Round "4.2"]
[White "Lilly, Richard N"]
[Black "Zaric, Srboljub"]
[Result "0-1"]
[WhiteElo "1835"]
[BlackElo "2157"]
[PlyCount "94"]
[EventDate "2003.12.29"]
[EventType "tourn"]
[EventRounds "10"]
[EventCountry "AUS"]

1. d4 Nf6 2. c4 e6 3. Nc3 d5 4. Bg5 Nbd7 5. Nf3 Be7 6. e3 O-O 7. Rc1 a6 8. Bd3
dxc4 9. Bxc4 b5 10. Bd3 c5 11. O-O Bb7 12. Qe2 b4 13. Na4 cxd4 14. Nxd4 Ne5 15.
Bb1 Qa5 16. f4 Ng6 17. b3 Rac8 18. Rxc8 Rxc8 19. f5 Nf8 20. Nb2 e5 21. Nf3 N8d7
22. Nc4 Qc5 23. Bh4 a5 24. Bg3 Ba6 25. Nfd2 Nd5 26. Bf2 Nc3 27. Qd3 Nf6 28. e4
Qc7 29. Qf3 Bc5 30. h3 Bxf2+ 31. Qxf2 Qc5 32. g4 h6 33. Bd3 Bb7 34. Qxc5 Rxc5
35. Re1 Kf8 36. Nd6 Bc6 37. Bc4 Ke7 38. Nxf7 Nfxe4 39. Nxe4 Bxe4 40. Nh8 a4 41.
Be6 a3 42. Kf2 Bb1 43. Nf7 e4 44. Ke3 Bxa2 45. Kd4 Rc7 46. Ne5 Bb1 47. Ng6+ Kd6
0-1

[Event "Australian Seniors"]
[Site "Adelaide"]
[Date "2004.01.02"]
[Round "4.3"]
[White "Pascoe, John L"]
[Black "Gibbs, Glen B"]
[Result "1/2-1/2"]
[WhiteElo "1475"]
[BlackElo "1818"]
[PlyCount "79"]
[EventDate "2003.12.29"]
[EventType "tourn"]
[EventRounds "10"]
[EventCountry "AUS"]

1. c4 e6 2. d4 f5 3. Nc3 Bb4 4. Bd2 Nf6 5. Qc2 b6 6. Nf3 Bb7 7. g3 Bxc3 8. bxc3
O-O 9. Bg2 d6 10. O-O Qe8 11. Ne1 Be4 12. Bxe4 Nxe4 13. f3 Nxd2 14. Qxd2 Nd7
15. Nd3 e5 16. e4 Qe6 17. d5 Qg6 18. Qe2 Rf6 19. Rf2 Raf8 20. Raf1 Qe8 21. Kg2
g5 22. g4 f4 23. Rh1 h5 24. h3 R8f7 25. Kf1 h4 26. Qb2 Nb8 27. Qb5 Qd7 28. Nb4
Qc8 29. Rb2 a6 30. Qa4 a5 31. Nc6 Nd7 32. Qc2 Nc5 33. a4 Kg7 34. Rb5 Rh6 35.
Ke2 Rh8 36. Rhb1 Nb7 37. R5b2 Nd8 38. Qb3 Nxc6 39. dxc6 Qe6 40. Qb5 1/2-1/2

[Event "Australian Seniors"]
[Site "Adelaide"]
[Date "2004.01.03"]
[Round "5.1"]
[White "Korbe, Heinrich"]
[Black "Pascoe, John L"]
[Result "1-0"]
[WhiteElo "1403"]
[BlackElo "1475"]
[PlyCount "59"]
[EventDate "2003.12.29"]
[EventType "tourn"]
[EventRounds "10"]
[EventCountry "AUS"]

1. e4 c5 2. Nf3 Nc6 3. d4 cxd4 4. Nxd4 g6 5. Bc4 Bg7 6. Be3 e6 7. O-O Nge7 8.
Nc3 O-O 9. Qd2 Nxd4 10. Bxd4 Nc6 11. Bxg7 Kxg7 12. Rad1 Qe7 13. Bb3 Rd8 14.
Rfe1 a6 15. Kh1 b5 16. f4 Bb7 17. e5 Na5 18. Ne4 Nxb3 19. axb3 Rac8 20. Nd6 Rc7
21. Re2 Bd5 22. Qa5 Rc6 23. Qb4 Qh4 24. Qd4 Qg4 25. Red2 Rxc2 26. Rxc2 Bxb3 27.
Rdd2 Bd5 28. Rc3 Qh4 29. Rg3 Kh8 30. Nxf7+ 1-0

[Event "Australian Seniors"]
[Site "Adelaide"]
[Date "2004.01.03"]
[Round "5.2"]
[White "Gibbs, Glen B"]
[Black "Lilly, Richard N"]
[Result "0-1"]
[WhiteElo "1818"]
[BlackElo "1835"]
[PlyCount "40"]
[EventDate "2003.12.29"]
[EventType "tourn"]
[EventRounds "10"]
[EventCountry "AUS"]

1. e4 e6 2. d4 d5 3. Nc3 Bb4 4. e5 c5 5. a3 cxd4 6. axb4 dxc3 7. Qg4 Ne7 8.
Qxg7 Rg8 9. Qxh7 Qc7 10. f4 cxb2 11. Bxb2 Qb6 12. Qd3 Qxb4+ 13. Bc3 Qxf4 14.
Ne2 Qf5 15. Qd2 Nbc6 16. Ng3 Qg5 17. Bb5 Qxd2+ 18. Kxd2 Bd7 19. Rhe1 Nxe5 20.
Bxd7+ Nxd7 0-1

[Event "Australian Seniors"]
[Site "Adelaide"]
[Date "2004.01.03"]
[Round "5.3"]
[White "Zaric, Srboljub"]
[Black "Viner, Phillip John"]
[Result "1-0"]
[WhiteElo "2157"]
[BlackElo "1931"]
[PlyCount "130"]
[EventDate "2003.12.29"]
[EventType "tourn"]
[EventRounds "10"]
[EventCountry "AUS"]

1. e4 e5 2. Nf3 Nc6 3. Bb5 Nf6 4. Qe2 Be7 5. d3 d6 6. c3 Bd7 7. O-O O-O 8. Rd1
a6 9. Ba4 Re8 10. Bb3 Na5 11. Bc2 c5 12. Nbd2 Rc8 13. Nc4 Nxc4 14. dxc4 b5 15.
Bd3 Qb6 16. Nd2 Bg4 17. f3 Be6 18. Kh1 Rb8 19. Nf1 Nh5 20. g3 b4 21. Bd2 g6 22.
cxb4 cxb4 23. Ne3 Nf6 24. Be1 Nd7 25. Bf2 Nc5 26. Nd5 Bxd5 27. cxd5 a5 28. h4
h5 29. Rg1 Kg7 30. Rg2 Rh8 31. Rf1 Qd8 32. Bb1 Qd7 33. Rfg1 Qb5 34. Qd2 a4 35.
f4 Nd7 36. Bd3 Qb7 37. b3 axb3 38. axb3 Rhc8 39. Bc4 Ra8 40. Be1 Rab8 41. Rf1
Bd8 42. f5 Nf6 43. Qd3 Qb6 44. fxg6 fxg6 45. Rgf2 Be7 46. Bd2 Rf8 47. Be3 Qc7
48. Ra2 Ng4 49. Rxf8 Bxf8 50. Bg1 Be7 51. Qd2 Qc8 52. Ba7 Qf8 53. Kg2 Qf7 54.
Ra1 Qe8 55. Be2 Nf6 56. Bf3 Qb5 57. Ra4 Bd8 58. Be3 Kf7 59. Be2 Qe8 60. Rxb4
Rxb4 61. Qxb4 Qd7 62. Bg5 Qc7 63. Bd3 Ng4 64. Bxd8 Qxd8 65. Be2 Qb6 1-0

[Event "Australian Seniors"]
[Site "Adelaide"]
[Date "2004.01.05"]
[Round "6.1"]
[White "Korbe, Heinrich"]
[Black "Gibbs, Glen B"]
[Result "1-0"]
[WhiteElo "1403"]
[BlackElo "1818"]
[PlyCount "117"]
[EventDate "2003.12.29"]
[EventType "tourn"]
[EventRounds "10"]
[EventCountry "AUS"]

1. e4 e6 2. d4 d5 3. exd5 exd5 4. Nf3 Nc6 5. c3 Bd6 6. Bd3 Nge7 7. O-O Bg4 8.
Be3 Qd7 9. Re1 O-O 10. Nbd2 a6 11. Nf1 Nf5 12. Bd2 Nh4 13. Be2 Ng6 14. h3 Bf5
15. Ne3 Nf4 16. Nxf5 Nxe2+ 17. Qxe2 Qxf5 18. Rad1 f6 19. Bc1 Rf7 20. Nh4 Qd7
21. Qf3 Ne7 22. g4 c6 23. Ng2 f5 24. g5 Re8 25. Bf4 Nc8 26. Rxe8+ Qxe8 27. Re1
Re7 28. Rxe7 Qxe7 29. h4 Qe4 30. Qxe4 fxe4 31. Bxd6 Nxd6 32. Ne3 Kf7 33. Kg2
Kg6 34. Kg3 Nf5+ 35. Kg4 h5+ 36. gxh6 Nxh6+ 37. Kf4 Kh5 38. Kg3 g5 39. hxg5
Kxg5 40. a4 Ng8 41. f3 Nf6 42. f4+ Kh5 43. a5 Kg6 44. b3 Nh5+ 45. Kg4 Nf6+ 46.
Kh4 Kh6 47. f5 Kg7 48. Kg5 Kf7 49. Kf4 Nd7 50. c4 Nf6 51. Ke5 dxc4 52. bxc4 b5
53. axb6 Nd7+ 54. Kxe4 Nxb6 55. Ke5 a5 56. Kd6 Kf6 57. Kxc6 Nc8 58. Kb5 Nd6+
59. Kxa5 1-0

[Event "Australian Seniors"]
[Site "Adelaide"]
[Date "2004.01.05"]
[Round "6.2"]
[White "Pascoe, John L"]
[Black "Zaric, Srboljub"]
[Result "0-1"]
[WhiteElo "1475"]
[BlackElo "2157"]
[PlyCount "48"]
[EventDate "2003.12.29"]
[EventType "tourn"]
[EventRounds "10"]
[EventCountry "AUS"]

1. c4 Nf6 2. Nc3 e6 3. d4 c5 4. d5 exd5 5. Nxd5 Nxd5 6. Qxd5 Nc6 7. Bd2 d6 8.
e3 Be6 9. Qe4 Be7 10. Bd3 d5 11. cxd5 Bxd5 12. Qg4 Bxg2 13. Qxg2 Qxd3 14. Qxg7
O-O-O 15. O-O-O Nb4 16. Qg4+ f5 17. Bxb4 fxg4 18. Rxd3 Rxd3 19. Bc3 Rf8 20. Be1
Bh4 21. h3 Bxf2 22. Bxf2 Rxf2 23. hxg4 Rf1+ 24. Kc2 Rdd1 0-1

[Event "Australian Seniors"]
[Site "Adelaide"]
[Date "2004.01.05"]
[Round "6.3"]
[White "Lilly, Richard N"]
[Black "Viner, Phillip John"]
[Result "0-1"]
[WhiteElo "1835"]
[BlackElo "1931"]
[PlyCount "98"]
[EventDate "2003.12.29"]
[EventType "tourn"]
[EventRounds "10"]
[EventCountry "AUS"]

1. e4 e6 2. d4 d5 3. e5 c5 4. c3 Nc6 5. Nf3 Qb6 6. Be2 Nh6 7. O-O cxd4 8. b3
dxc3 9. Nxc3 Nf5 10. Na4 Qd8 11. Bb2 Bd7 12. Rc1 Rc8 13. Nc5 Rc7 14. Nxd7 Qxd7
15. Bd3 g6 16. h3 h5 17. Ng5 Bh6 18. f4 Ne3 19. Qd2 Nxf1 20. Kxf1 a6 21. Qc2
Qe7 22. h4 Kd8 23. Qd2 Kc8 24. a3 Kb8 25. b4 Rhc8 26. Rb1 b5 27. Qf2 Rb7 28.
Kg1 Qc7 29. Bc1 Bf8 30. Kh2 Qd8 31. g3 Na7 32. a4 Rc4 33. Bxc4 bxc4 34. b5 Qd7
35. Nh7 Be7 36. b6 Nc6 37. Qa2 Nb4 38. Qd2 a5 39. Nf6 Qc6 40. Ba3 Rxb6 41. Qd4
Kb7 42. Bxb4 Rxb4 43. Rxb4+ axb4 44. a5 Bc5 45. Qa1 Ka6 46. g4 Be3 47. Kg3 c3
48. Qf1+ Qc4 49. Qf3 Qxf4+ 0-1

[Event "Australian Seniors"]
[Site "Adelaide"]
[Date "2004.01.06"]
[Round "7.1"]
[White "Lilly, Richard N"]
[Black "Korbe, Heinrich"]
[Result "1-0"]
[WhiteElo "1835"]
[BlackElo "1403"]
[PlyCount "101"]
[EventDate "2003.12.29"]
[EventType "tourn"]
[EventRounds "10"]
[EventCountry "AUS"]

1. e4 e5 2. Nf3 Nc6 3. Bb5 Nf6 4. O-O Be7 5. Re1 d6 6. c3 O-O 7. d4 Bg4 8. h3
Bxf3 9. Qxf3 exd4 10. Bxc6 bxc6 11. cxd4 d5 12. e5 Ne4 13. Nc3 Bb4 14. Re2 Bxc3
15. bxc3 Rb8 16. Ba3 Re8 17. Kh2 Re6 18. Rc1 Qg5 19. Rcc2 f6 20. Bc1 Qg6 21.
Qg4 Qxg4 22. hxg4 fxe5 23. dxe5 a6 24. c4 Ree8 25. f3 Nc5 26. cxd5 Nd3 27. f4
Nxc1 28. Rxc1 cxd5 29. Rxc7 Rb4 30. Kg3 Reb8 31. e6 Kf8 32. Rf7+ Kg8 33. Rd7
Kf8 34. Rxd5 R4b7 35. f5 Ke7 36. g5 Rc7 37. Red2 Rbb7 38. Rd8 g6 39. f6+ Kxe6
40. Re8+ Kf7 41. Ra8 Rc3+ 42. Kh2 Ra3 43. Rad8 Ra5 44. R8d5 Rxd5 45. Rxd5 h6
46. Rd6 hxg5 47. Rxa6 Rb2 48. a4 Rf2 49. Kg3 Rxf6 50. Rxf6+ Kxf6 51. a5 1-0

[Event "Australian Seniors"]
[Site "Adelaide"]
[Date "2004.01.06"]
[Round "7.2"]
[White "Viner, Phillip John"]
[Black "Pascoe, John L"]
[Result "1-0"]
[WhiteElo "1931"]
[BlackElo "1475"]
[PlyCount "27"]
[EventDate "2003.12.29"]
[EventType "tourn"]
[EventRounds "10"]
[EventCountry "AUS"]

1. Nf3 d5 2. c4 d4 3. e3 dxe3 4. fxe3 Nf6 5. Nc3 Bf5 6. Qb3 Qc8 7. Be2 e6 8.
O-O Nbd7 9. d4 Nb6 10. Ne5 Bg6 11. e4 c5 12. d5 Qc7 13. Bf4 Bd6 14. Nb5 1-0

[Event "Australian Seniors"]
[Site "Adelaide"]
[Date "2004.01.06"]
[Round "7.3"]
[White "Zaric, Srboljub"]
[Black "Gibbs, Glen B"]
[Result "1-0"]
[WhiteElo "2157"]
[BlackElo "1818"]
[PlyCount "45"]
[EventDate "2003.12.29"]
[EventType "tourn"]
[EventRounds "10"]
[EventCountry "AUS"]

1. e4 e6 2. d4 d5 3. Nd2 c5 4. Ngf3 Nc6 5. Bb5 Bd6 6. exd5 exd5 7. dxc5 Bxc5 8.
O-O Nge7 9. Nb3 Bd6 10. c3 Bf5 11. Nbd4 Bg6 12. Bg5 O-O 13. Bxc6 bxc6 14. Nxc6
Qc7 15. Nxe7+ Bxe7 16. Bxe7 Qxe7 17. Qxd5 Be4 18. Rfe1 Bxd5 19. Rxe7 Bxf3 20.
gxf3 a5 21. Rd1 Rad8 22. Rxd8 Rxd8 23. Ra7 1-0

[Event "Australian Seniors"]
[Site "Adelaide"]
[Date "2004.01.08"]
[Round "8.1"]
[White "Korbe, Heinrich"]
[Black "Zaric, Srboljub"]
[Result "0-1"]
[WhiteElo "1403"]
[BlackElo "2157"]
[PlyCount "64"]
[EventDate "2003.12.29"]
[EventType "tourn"]
[EventRounds "10"]
[EventCountry "AUS"]

1. d4 Nf6 2. c4 c5 3. d5 b5 4. cxb5 e6 5. Nc3 exd5 6. Nxd5 Bb7 7. Nc3 d5 8. e3
d4 9. exd4 cxd4 10. Na4 Bb4+ 11. Bd2 Qa5 12. b3 O-O 13. Bxb4 Qxb4+ 14. Qd2 Re8+
15. Kd1 Qxd2+ 16. Kxd2 Ne4+ 17. Kc2 Nxf2 18. Nf3 Nxh1 19. Bc4 d3+ 20. Kxd3 Nf2+
21. Kc2 Bxf3 22. gxf3 Nd7 23. Rf1 Nh3 24. f4 Nb6 25. Nxb6 axb6 26. a4 Rad8 27.
Rf3 Ng1 28. Rf2 Re3 29. Kb2 Nf3 30. Ka3 Nd2 31. Kb4 Rd4 32. a5 Rxb3+ 0-1

[Event "Australian Seniors"]
[Site "Adelaide"]
[Date "2004.01.08"]
[Round "8.2"]
[White "Gibbs, Glen B"]
[Black "Viner, Phillip John"]
[Result "0-1"]
[WhiteElo "1818"]
[BlackElo "1931"]
[PlyCount "84"]
[EventDate "2003.12.29"]
[EventType "tourn"]
[EventRounds "10"]
[EventCountry "AUS"]

1. e4 e5 2. f4 Nf6 3. Nc3 d5 4. fxe5 Nxe4 5. Nxe4 dxe4 6. d4 exd3 7. Bxd3 Nc6
8. Nf3 Bc5 9. Bg5 Qd7 10. Qe2 Qg4 11. O-O-O Be6 12. Be4 h6 13. h3 Qg3 14. Bxc6+
bxc6 15. Be3 Bb6 16. Rhf1 O-O 17. Qf2 Qxf2 18. Bxf2 Bc4 19. Bxb6 axb6 20. Rfe1
Rxa2 21. Rd7 Rc8 22. Kb1 Ra5 23. Nd4 Rca8 24. Kc1 Rd5 25. Rxd5 Bxd5 26. Re2 Kf8
27. g4 c5 28. Nf5 Rd8 29. Rd2 Rd7 30. c4 Be6 31. Rxd7 Bxd7 32. Kd2 h5 33. Ne3
Ke7 34. Kd3 Ke6 35. Ke4 hxg4 36. hxg4 g5 37. Kd3 Bc6 38. Nf5 Kxe5 39. Ke3 Bd7
40. Nh6 Be6 41. b3 c6 42. Ng8 f5 0-1

[Event "Australian Seniors"]
[Site "Adelaide"]
[Date "2004.01.08"]
[Round "8.3"]
[White "Pascoe, John L"]
[Black "Lilly, Richard N"]
[Result "0-1"]
[WhiteElo "1475"]
[BlackElo "1835"]
[PlyCount "98"]
[EventDate "2003.12.29"]
[EventType "tourn"]
[EventRounds "10"]
[EventCountry "AUS"]

1. d4 Nf6 2. c4 g6 3. Nc3 d5 4. cxd5 Nxd5 5. e4 Nxc3 6. bxc3 Bg7 7. Bc4 c5 8.
Bb2 O-O 9. Ne2 Nc6 10. O-O Na5 11. Bb3 Qc7 12. e5 Nxb3 13. axb3 Rd8 14. Qc1 a6
15. Ng3 Bd7 16. Re1 e6 17. Ba3 cxd4 18. cxd4 Qb6 19. Qe3 Bc6 20. Bc5 Qb5 21.
Rac1 b6 22. Be7 Rd7 23. Bf6 Qd5 24. f3 Qb5 25. Ne4 Bxe4 26. Qxe4 Rb8 27. Rc3
Bxf6 28. exf6 Qd5 29. Qe5 Qxd4+ 30. Qxd4 Rxd4 31. Rec1 h5 32. Rc8+ Rd8 33. Rxb8
Rxb8 34. Rc7 g5 35. Rd7 b5 36. b4 Rb6 37. Rd4 e5 38. Re4 Re6 39. g3 Kh7 40. f4
gxf4 41. gxf4 exf4 42. Rxf4 Kg6 43. Kf2 Rxf6 44. Kf3 Rxf4+ 45. Kxf4 f5 46. h4
Kf6 47. Kf3 Ke5 48. Ke3 f4+ 49. Kf3 Kf5 0-1

[Event "Australian Seniors"]
[Site "Adelaide"]
[Date "2004.01.09"]
[Round "9.1"]
[White "Korbe, Heinrich"]
[Black "Viner, Phillip John"]
[Result "0-1"]
[WhiteElo "1403"]
[BlackElo "1931"]
[PlyCount "56"]
[EventDate "2003.12.29"]
[EventType "tourn"]
[EventRounds "10"]
[EventCountry "AUS"]

1. d4 c5 2. Nf3 cxd4 3. Nxd4 e5 4. Nb3 Nf6 5. Bg5 Nc6 6. e4 Be7 7. N1d2 d5 8.
exd5 Nxd5 9. Bxe7 Qxe7 10. Be2 O-O 11. Bf3 Be6 12. O-O Rad8 13. Qc1 f5 14. g3
e4 15. Bg2 a5 16. Qe1 a4 17. Nc1 Ndb4 18. Qd1 Qd7 19. a3 Na6 20. Ne2 Qxd2 21.
Qxd2 Rxd2 22. Nf4 Bc4 23. Rfc1 g5 24. Nh3 Nd4 25. Rd1 Ne2+ 26. Kh1 Rfd8 27.
Rxd2 Rxd2 28. Nxg5 Nc5 0-1

[Event "Australian Seniors"]
[Site "Adelaide"]
[Date "2004.01.09"]
[Round "9.2"]
[White "Zaric, Srboljub"]
[Black "Lilly, Richard N"]
[Result "1-0"]
[WhiteElo "2157"]
[BlackElo "1835"]
[PlyCount "43"]
[EventDate "2003.12.29"]
[EventType "tourn"]
[EventRounds "10"]
[EventCountry "AUS"]

1. e4 e6 2. d4 d5 3. Nd2 dxe4 4. Nxe4 Nd7 5. Nf3 Ngf6 6. Bd3 Nxe4 7. Bxe4 Nf6
8. Bd3 b6 9. Bb5+ Bd7 10. Qe2 Bxb5 11. Qxb5+ Qd7 12. Qxd7+ Nxd7 13. Bf4 c5 14.
O-O-O Be7 15. d5 exd5 16. Rhe1 f6 17. Rxd5 Rd8 18. Bc7 Rc8 19. Bd6 Ne5 20. Nxe5
Bxd6 21. Nc4+ Be7 22. Nd6+ 1-0

[Event "Australian Seniors"]
[Site "Adelaide"]
[Date "2004.01.09"]
[Round "9.3"]
[White "Gibbs, Glen B"]
[Black "Pascoe, John L"]
[Result "1-0"]
[WhiteElo "1818"]
[BlackElo "1475"]
[PlyCount "59"]
[EventDate "2003.12.29"]
[EventType "tourn"]
[EventRounds "10"]
[EventCountry "AUS"]

1. e4 c5 2. c3 d5 3. exd5 Qxd5 4. d4 cxd4 5. cxd4 e5 6. dxe5 Qxe5+ 7. Be2 Bb4+
8. Nd2 Nc6 9. Ngf3 Qf6 10. O-O Bxd2 11. Bxd2 Qxb2 12. Qe1 Nge7 13. Bc3 Qb6 14.
Bd3 O-O 15. Ne5 Be6 16. Nxc6 Qxc6 17. Rc1 Qd7 18. Qe2 Ng6 19. Rfd1 Bf5 20. Bb1
Qe6 21. Qb2 b6 22. Re1 Qd7 23. Bxg7 Rfe8 24. Bh6 f6 25. Qxf6 Bxb1 26. Rxb1
Rxe1+ 27. Rxe1 Rd8 28. h3 Re8 29. Rxe8+ Qxe8 30. Qg7# 1-0